000 01090cab a2200289 4500
001 ABS52790
008 090401t1995 xxu||||| |||| 00| 0 eng d
035 _a(Sirsi) u228
041 _aeng
245 _aFirst National Commercial Bank plc v Humberts
260 _c1995
350 _a0
490 _aEstates Gazette
_v(1995) 14 EG 140-142(3)
520 _aCA 13 January 1995. The plaintiffs advanced a loan relying on a valuation, which they claimed was negligent. The appeal that the claim was within the limitation peirod under Limitation Act 1980 was allowed. The losses did not occur at the time of the loan as this advance was less than recoveries obtained. The losses accrued later within the limitation period.
650 _aLIMITATION ACT 1980 S14A
650 _aLIMITATION ACT 1980
650 _aLIMITATION PERIOD
650 _aNEGLIGENCE
650 _aOVER-VALUATION
650 _aSTATUTE-BARRED
650 _aSWINGCASTLE V ALASTAIR GIBSON
650 _aTORT
650 _aVALUERS
690 _aRATING AND VALUATION-CASE LAW
942 _n0
948 _c04/03/1997
999 _c90
_d90